UM Logo

Pagbibigay pansin sa kaalaman ng paggamit ng wikang Filipino/ (Record no. 2134)

MARC details
000 -LEADER
fixed length control field 00652nam a22001697a 4500
008 - FIXED-LENGTH DATA ELEMENTS--GENERAL INFORMATION
fixed length control field 160430b xxu||||| |||| 00| 0 eng d
082 ## - DEWEY DECIMAL CLASSIFICATION NUMBER
Edition number 2013
Classification number UT 0413
Item number Al14
100 ## - MAIN ENTRY--PERSONAL NAME
9 (RLIN) 6919
Personal name Alboroto, Mary Kristen A.
245 ## - TITLE STATEMENT
Title Pagbibigay pansin sa kaalaman ng paggamit ng wikang Filipino/
Statement of responsibility, etc. Mary Kristen A. Alboroto, Jenny Rose Lasanda, Ronald P. Serrano and Lyra G. Hefervez.
260 ## - PUBLICATION, DISTRIBUTION, ETC. (IMPRINT)
Place of publication, distribution, etc. Digos City:
Name of publisher, distributor, etc. UMDC
Date of publication, distribution, etc. Pebrero 2013.
300 ## - PHYSICAL DESCRIPTION
Extent 40 pages;
Dimensions 29 cm.
650 #0 - SUBJECT ADDED ENTRY--TOPICAL TERM
9 (RLIN) 6920
Topical term or geographic name as entry element Education
Form subdivision Filipino
General subdivision Undergradauate thesis.
700 ## - ADDED ENTRY--PERSONAL NAME
9 (RLIN) 6921
Personal name Lasanda, Jenny Rose.
700 ## - ADDED ENTRY--PERSONAL NAME
9 (RLIN) 6923
Personal name Serrano, Ronald P.
700 ## - ADDED ENTRY--PERSONAL NAME
9 (RLIN) 6924
Personal name Hefervez, Lyra G.
942 ## - ADDED ENTRY ELEMENTS (KOHA)
Source of classification or shelving scheme Dewey Decimal Classification
Koha item type Undergraduate Thesis
Holdings
Withdrawn status Lost status Source of classification or shelving scheme Damaged status Not for loan Collection code Home library Current library Date acquired Total Checkouts Full call number Barcode Date last seen Price effective from Koha item type
    Dewey Decimal Classification     Undergraduate Theses UM Digos College - LIC UM Digos College - LIC 04/30/2016   UT 0413 Al14 2013 UT0413 04/30/2016 04/30/2016 Undergraduate Thesis